Quizzes
Events
Quiz Creation
Community
Videos
Private Events
Remove Ads
Sign In
Join for FREE
Feedback
Dark Mode
Quiz Categories
Sports
Geography
Music
Movies
Television
Just For Fun
Miscellaneous
History
Literature
Language
Science
Gaming
Entertainment
Religion
Holiday
For Kids
Quiz Lab
Recent
Popular Today
Quiz Kudos Today
Editor Picks
Curator Picks
Quizzes by...
Day
Popularity
Type
Ratings
Length
Year
Community
Subscriptions
Recent Discussions
Orange Saloon
Badges
Playlists
Quests
Create
Leaderboards
Showdown
Live 5
Trivia Bingo
Activity
Puzzle Library
Sporcle Events
Private Events
Virtual Trivia
Globe League
Become a Host
Pub Owners
SporcleCon
Opinionation
Our Games
Videos
Blog
Mobile Apps
Partnerships
Remove Ads and Go Orange
Feedback
Sports
Athletes
MLB
NBA
NHL
NFL
Soccer
Sports Teams
WWE
NCAA
Football
Premier League
Basketball
Baseball
Hockey
Golf
Tennis
Cricket
Rugby
Auto Racing
Olympics
World Cup
Sports
Athletes
MLB
NBA
NHL
NFL
Soccer
Sports Teams
WWE
NCAA
Football
Premier League
Basketball
Baseball
Hockey
Golf
Tennis
Cricket
Rugby
Auto Racing
Olympics
World Cup
Random Quiz
Search Sporcle
×
Quiz Lab
Quiz Lab
Sports
2015
Type in answers that appear in a list
Type in answers that appear in a list
Classic
Best Score? Go Orange.
Team Home Run Leaders 2015 Stats
Can you name the Team Home Run Leaders 2015?
By
sjg0ss
15m
150 Questions
25 Plays
25 Plays
25 Plays
Comments
Comments
Give Quiz Kudos
Give Quiz Kudos
-
- Ratings
hide this ad
Replay
Link that replays current quiz
Next Quiz
Link to next quiz in quiz playlist
You Got
0%
They Got
Avg Score
36%
Avg Friend Score
Upgrade to see
Score Distribution
Jump to the score distribution portion of the page
Score
0/150
Timer
15:00
0
Plays Today
Team
Player
% Correct
Boston Red Sox
David Ortiz
88%
New York Yankees
Alex Rodriguez
80%
Anaheim Angels
Mike Trout
80%
Tampa Bay Rays
Evan Longoria
76%
Baltimore Orioles
Chris Davis
76%
Toronto Blue Jays
Josh Donaldson
76%
Toronto Blue Jays
Jose Bautista
76%
New York Yankees
Mark Teixeira
72%
New York Yankees
Brian McCann
72%
New York Yankees
Carlos Beltran
72%
Kansas City Royals
Lorenzo Cain
72%
Anaheim Angels
Albert Pujols
72%
Toronto Blue Jays
Edwin Encarnacion
68%
Detroit Tigers
JD Martinez
68%
Detroit Tigers
Miguel Cabrera
68%
Seattle Mariners
Nelson Cruz
68%
Seattle Mariners
Robinson Cano
68%
Texas Rangers
Adrian Beltre
64%
Washington Nationals
Bryce Harper
64%
Chicago Cubs
Anthony Rizzo
64%
Baltimore Orioles
Manny Machado
60%
Kansas City Royals
Mike Moustakas
60%
Chicago White Sox
Jose Abreu
60%
Philadelphia Phillies
Ryan Howard
60%
Miami Marlins
Giancarlo Stanton
60%
Cincinnati Reds
Todd Frazier
60%
Cincinnati Reds
Joey Votto
60%
Milwaukee Brewers
Ryan Braun
60%
Arizona Dbacks
Paul Goldschmidt
60%
Colorado Rockies
Nolan Arenado
60%
Colorado Rockies
Carlos Gonzalez
60%
Boston Red Sox
Mookie Betts
56%
Cleveland Indians
Carlos Santana
56%
Kansas City Royals
Eric Hosmer
56%
Texas Rangers
Prince Fielder
56%
San Francisco Giants
Buster Posey
56%
Colorado Rockies
Troy Tulowitzki
56%
San Diego Padres
Matt Kemp
56%
Baltimore Orioles
Adam Jones
52%
Oakland A's
Josh Reddick
52%
Cincinnati Reds
Jay Bruce
52%
Pittsburgh Pirates
Andrew McCutchen
52%
Los Angeles Dodgers
Adrian Gonzalez
52%
San Francisco Giants
Hunter Pence
52%
Boston Red Sox
Hanley Ramirez
48%
Detroit Tigers
Yoenis Cespedes
48%
Kansas City Royals
Kendrys Morales
48%
Kansas City Royals
Salvador Perez
48%
Atlanta Braves
Freddie Freeman
48%
New York Mets
Curtis Granderson
48%
Team
Player
% Correct
New York Mets
Yoenis Cespedes
48%
Chicago Cubs
Kris Bryant
48%
Toronto Blue Jays
Russell Martin
44%
Detroit Tigers
Ian Kinsler
44%
Cleveland Indians
Michael Brantley
44%
Texas Rangers`
Mitch Moreland
44%
Houston Astros
Colby Rasmus
44%
Washington Nationals
Ian Desmond
44%
Washington Nationals
Ryan Zimmerman
44%
New York Mets
Lucas Duda
44%
San Francisco Giants
Brandon Belt
44%
San Diego Padres
Justin Upton
44%
Boston Red Sox
Mike Napoli
40%
Minnesota Twins
Brian Dozier
40%
Minnesota Twins
Miguel Sano
40%
Chicago White Sox
Adam LaRoche
40%
Texas Rangers
Shin-Soo Choo
40%
St. Louis Cardinals
Matt Carpenter
40%
Pittsburgh Pirates
Pedro Alvarez
40%
Minnesota Twins
Trevor Plouffe
36%
Houston Astros
Chris Carter
36%
Houston Astros
Carlos Correa
36%
Pittsburgh Pirates
Starling Marte
36%
San Francisco Giants
Brandon Crawford
36%
Tampa Bay Rays
Kevin Kiermaier
32%
Toronto Blue Jays
Justin Smoak
32%
Cleveland Indians
Yan Gomes
32%
Oakland A's
Billy Butler
32%
Seattle Mariners
Kyle Seager
32%
Houston Astros
Evan Gattis
32%
St. Louis Cardinals
Jhonny Peralta
32%
Pittsburgh Pirates
Neil Walker
32%
Los Angeles Dodgers
Joc Pederson
32%
Los Angeles Dodgers
Andre Ethier
32%
Arizona Dbacks
AJ Pollock
32%
Baltimore Orioles
Jonathan Schoop
28%
Cleveland Indians
Brandon Moss
28%
Cleveland Indians
Francisco Lindor
28%
Chicago White Sox
Adam Eaton
28%
Anaheim Angels
Kole Calhoun
28%
Washington Nationals
Wilson Ramos
28%
New York Mets
Daniel Murphy
28%
Milwaukee Brewers
Adam Lind
28%
Chicago Cubs
Dexter Fowler
28%
New York Yankees
Stephen Drew
24%
Tampa Bay Rays
Logan Forsythe
24%
Chicago White Sox
Avisail Garcia
24%
Chicago White Sox
Melky Cabrera
24%
Anaheim Angels
CJ Cron
24%
Anaheim Angels
David Freese
24%
Team
Player
% Correct
Oakland A's
Stephen Vogt
24%
Philadelphia Phillies
Maikel Franco
24%
Atlanta Braves
AJ Pierzynski
24%
Milwaukee Brewers
Khris Davis
24%
Los Angeles Dodgers
Yasmani Grandal
24%
Tampa Bay Rays
Steven Souza Jr.
20%
Philadelphia Phillies
Jeff Francoeur
20%
Chicago Cubs
Kyle Schwarber
20%
San Francisco Giants
Matt Duffy
20%
San Diego Padres
Derek Norris
20%
Boston Red Sox
Travis Shaw
16%
Detroit Tigers
Nick Castellanos
16%
Minnesota Twins
Torii Hunter
16%
Texas Rangers
Rougned Odor
16%
Miami Marlins
Justin Bour
16%
Miami Marlins
Marcell Ozuna
16%
St. Louis Cardinals
Jason Heyward
16%
Los Angeles Dodgers
Justin Turner
16%
Arizona Dbacks
David Peralta
16%
Colorado Rockies
Charlie Blackmon
16%
Baltimore Orioles
Steve Pearce
12%
Oakland A's
Brett Lawrie
12%
Houston Astros
Luis Valbuena
12%
St. Louis Cardinals
Randal Grichuk
12%
Chicago Cubs
Chris Coghlan
12%
San Diego Padres
Jedd Gyorko
12%
Tampa Bay Rays
Asdrubal Cabrera
8%
Minnesota Twins
Eddie Rosario
8%
Oakland A's
Mark Canha
8%
Seattle Mariners
Franklin Gutierrez
8%
St. Louis Cardinals
Mark Reynolds
8%
Arizona Dbacks
Yasmany Tomas
8%
Seattle Mariners
Logan Morrison
4%
Philadelphia Phillies
Darin Ruf
4%
Atlanta Braves
Cameron Maybin
4%
Atlanta Braves
Adonis Garcia
4%
Atlanta Braves
Jonny Gomes
4%
Washington Nationals
Michael Taylor
4%
New York Mets
Wilmer Flores
4%
Cincinnati Reds
Marlon Byrd
4%
Milwaukee Brewers
Aramis Ramirez
4%
Milwaukee Brewers
Gerardo Parra
4%
Pittsburgh Pirates
Jung Ho Kang
4%
Arizona Dbacks
Welington Castillo
4%
Colorado Rockies
Ben Paulsen
4%
San Diego Padres
Yangervis Solarte
4%
Philadelphia Phillies
Cody Asche
0%
Miami Marlins
JT Realmuto
0%
Miami Marlins
Derek Dietrich
0%
Cincinnati Reds
Eugenio Suarez
0%
Quiz Playlist
Details
Report
Send in Message
Add To Playlist
Classic:
Type in answers that appear in a list
Last Updated: Oct 7, 2017
Quiz Scoreboard
CHALLENGE
Sign Up to Join the Scoreboard
Show All
Scores
Hide
Comments
May contain spoilers
Recently Published
An Introduction to Baseball
by treessimontrees
Sports
5m
Movies - When Are They Set?
by FPL_Elf
Movies
5m
Popular People in 1961
by mucciniale
History
6m
More to Explore
Quiz From the Vault
Featured Blog Post
Where Did the Easter Bunny Come From?
hide this ad
You Might Also Like...
Tags
2015
home
Leader
Player
run
team
Today's Top Quizzes in Sports
Browse Sports
hide this ad
Today's Top Quizzes in 2015
Browse 2015
Top Contributed Quizzes in Sports
1
Les meilleurs buteurs des matchs entre le PSG et l’OM
2
2022 World Cup Stars
3
FIFA Club World Cup Champions
4
Les entraîneurs de l'OM et du PSG au 21e siècle
5
Name the Premier League winners with different clubs
6
La finale Lions - Afrique du Sud 2021
7
Les joueurs passés par le LOSC et le RC Lens
8
Criteria MLB: Left Handed Sluggers
9
Players with Multiple 50 Home Run Seasons
10
5-to-1: UK Sports Teams
Explore More
Trending Topics
Harry Potter
Marvel
Disney
Kpop
Crossword
NBA
Anime
Puzzle
NFL
WWE
Song
Pokémon
The Office
Country
Soccer
hide this ad
More By:
sjg0ss
Quiz
Plays
Rating
Category
Featured
Created
MLB 2019 World Series Rosters
309
4.50
Sports
Nov 26, 2019
Name the top 100 MLB active home run leaders 2018
285
5.00
Sports
Jan 17, 2018
MLB RBI Leaders 2014
274
3.00
Sports
Mar 28, 2015
Name the MLB Team Home Run Leaders 2017
270
5.00
Sports
Oct 7, 2017
MLB 2016 Home Run Leaders
252
5.00
Sports
Mar 10, 2017
Go to Creator's Profile
Score Distribution
Quiz Creator Spotlight
sjg0ss
Follow
Send a Message
Quizzes Created
-
Created Quiz Play Count
-
More By This Creator
Popular Quizzes Today
1
Find the Countries of Europe - No Outlines Minefield
2
Find the US States - No Outlines Minefield
3
The Countries of the World
4
Popular People in 1961
5
Find the US States
6
US States
7
1-10 Letter E Words III
8
Risky Map Clicking: Biggest States A-Z
More Sports Quizzes
England Squad for Qatar World Cup 2022
Quiz Lab
Trending Quizzes
Risky Map Clicking: Least Populous States A-Z
1-10 Letter F Words
1-10 Letter G Words
Not Quite an Element Typing Challenge
One Thing in Common: United Kingdom
Recently Updated
Leaping Animals
pecheneg
Reality TV Shows (A-Z)
bhenderson79
Rickey Henderson's Hall of Fame Teammates
pecheneg
Champions League XIs: Arsenal
pecheneg
Quick Pick: Celebrities in WWE's Hall of Fame
aduchscher
A-Z Keypad Blitz II
pecheneg
Multiple Oscar Actors
pecheneg
Mystery Phrase Blitz: Oscar 'Best Actors'
pecheneg
F. Scott Fitzgerald Novels
LTH
Pick 3 Villains
ddd62291
Trending Topics
Marvel
Crossword
NBA
Kpop
Harry Potter
Anime
Disney
The Office
Puzzle
Soccer
WWE
Song
NFL
Country
Pokémon
Your Account Isn't Verified!
In order to create a playlist on Sporcle, you need to verify the email address you used during registration. Go to your
Sporcle Settings
to finish the process.
Report this User
Report this user for behavior that violates our
Community Guidelines
.
Details:
Send Report
Go to the Sporcle.com Mobile Site →
Comments